| Record ID | ia:isbn_9781402260339 |
| Source | Internet Archive |
| Download MARC XML | https://archive.org/download/isbn_9781402260339/isbn_9781402260339_marc.xml |
| Download MARC binary | https://www.archive.org/download/isbn_9781402260339/isbn_9781402260339_meta.mrc |
LEADER: 01814cam 2200433 a 4500
001 ocn748286996
003 OCoLC
005 20160209080842.0
008 110825s2011 iluab d 000 0 eng
010 $a 2011035596
040 $aDLC$beng$cDLC$dIG#$dBTCTA$dOCO$dQBX$dBDX$dLAP$dOCLCF$dOCLCQ
019 $a707968161
020 $a9781402260339$q(pbk.)
020 $a1402260334$q(pbk.)
020 $z9781402246104$q(pbk.)
020 $z1402246102$q(pbk.)
035 $a(OCoLC)748286996$z(OCoLC)707968161
050 00 $aCS2377$b.L383 2011
082 00 $a929.4/4$223
100 1 $aLarson, Emily.
245 14 $aThe baby names almanac, 2012 /$cEmily Larson.
260 $aNaperville, Ill. :$bSourcebooks,$c℗♭2011.
300 $avi, 392 pages :$billustrations, map ;$c18 cm
336 $atext$btxt$2rdacontent
337 $aunmediated$bn$2rdamedia
338 $avolume$bnc$2rdacarrier
505 0 $aInside the popularity charts -- What's hot (or not) today (and what will -- and won't! -- be tomorrow) -- Girls' names -- Boys' names.
520 $aCharts, graphs, maps, and information offer expectant parents advice and guidance to help them choose a name for their child, covering the most popular names around the world, predictions of what the next hot name trends will be, cross-over pop culture names, and more.
650 0 $aNames, Personal$vDictionaries.
650 7 $aNames, Personal.$2fast$0(OCoLC)fst01032478
655 7 $aDictionaries.$2fast$0(OCoLC)fst01423826
938 $aBrodart$bBROD$n13002805$c$10.99
938 $aBaker and Taylor$bBTCP$nBK0009700666
938 $aIngram$bINGR$n9781402260339
938 $aQuality Books, Inc.$bQUAL$na 11035596
029 1 $aAU@$b000049004125
029 1 $aNZ1$b14113459
994 $aZ0$bPMR
948 $hNO HOLDINGS IN PMR - 221 OTHER HOLDINGS